Contemporary Orthodontics (Record no. 33018)

MARC details
000 -LEADER
fixed length control field 00358nam a22001577a 4500
003 - CONTROL NUMBER IDENTIFIER
control field SGT
020 ## - INTERNATIONAL STANDARD BOOK NUMBER
International Standard Book Number 9780323930710
082 ## - DEWEY DECIMAL CLASSIFICATION NUMBER
Classification number 617.643
Item number C26F
100 ## - MAIN ENTRY--PERSONAL NAME
Personal name Fields, Henry W... et. al.
245 ## - TITLE STATEMENT
Title Contemporary Orthodontics
250 ## - EDITION STATEMENT
Edition statement 7th Ed.
260 ## - PUBLICATION, DISTRIBUTION, ETC. (IMPRINT)
Place of publication, distribution, etc Netherlands
Name of publisher, distributor, etc Elsevier
Year of Publication 2026
300 ## - PAGE DESCRIPTION
No. of Pages 800
650 ## - SUBJECT ADDED ENTRY--TOPICAL TERM
Topical term or geographic name as entry element Orthodontics
942 ## - ADDED ENTRY ELEMENTS (KOHA)
Source of classification or shelving scheme Dewey Decimal Classification
Koha item type Books
Holdings
Withdrawn status Lost status Source of classification or shelving scheme Damaged status Use restrictions Not for loan Home library Current library Shelving location Date acquired Vendor Name Cost, normal purchase price SGTU Bill Number Total Checkouts Full call number Accession No. (Barcode) Date last seen Bill Date Koha item type
    Dewey Decimal Classification   Restricted Access Not For Loan SGT Dental Library SGT Dental Library New Materials Shelf 30/10/2025 Ahuja Book Co. Pvt. Ltd. 17719.00 SGTU 21713   617.643 C26F FD10109 30/10/2025   Books